| 000 | 01619njc a2200325 i 4500 | ||
|---|---|---|---|
| 999 |
_c200435089 _d53301 |
||
| 003 | TR-AnTOB | ||
| 005 | 20210420090442.0 | ||
| 007 | sd ammalaaahaa | ||
| 008 | 170221s2018 xxu |fg |||| 00| 0 eng d | ||
| 040 |
_aTR-AnTOB _beng _erda _cTR-AnTOB _dTR-AnTOB |
||
| 041 | _aeng | ||
| 050 | 4 |
_aML3918.R63 _bF33 2018 |
|
| 090 |
_aAV ML3918.R63 _bF33 2018 |
||
| 245 | 0 | 0 |
_aMersey paradise : _bMojo presents the fab sound of Liverpool. |
| 246 | 0 | 4 |
_aMojo presents Mersey paradise. _h[sound recording] |
| 264 | 1 |
_a[London : _bMojo, _c2018]. |
|
| 300 |
_a1 sound disc ; _bdigital ; _c4 3/4 in. |
||
| 336 |
_aperformed music _2rdacontent _bprm |
||
| 337 |
_aaudio _2rdamedia _bs |
||
| 338 |
_aaudio disc _2rdacarrier _bsd |
||
| 347 |
_bCD audio _2rda |
||
| 500 | _aGiven away free with MOJO October 2018"--Container. | ||
| 505 |
_tIs That What Love Is All About? / _rPete Wylie. _tEvery Time A Bell Rings / _rHalf Man Half Biscuit. _tLiquid Mercury / _rThe Wild Swans. _tEyes Of The Moon / _rThe Coral. _tWhat A Way To End It All / _rDeaf School. _tThe Return Of Evil Bill / _rClinic. _tThe Punishment Of Luxury / _rOrchestral Manoeuvres In The Dark. _tHeart Shaped Stone / _rKathryn Williams. _tLucinda Byre / _rMichael Head & The Red Elastic Band. _tAlmost Liverpool 8 / _rMike Hart. _tCallin' All / _rThe La's. _tWeed Bus / _rThe Stairs. _tImperfect List / _rBig Hard Excellent Fish. _tThe Entry Of Christ Into Liverpool / _rThe Liverpool Scene. |
||
| 511 | _aVarious performers. | ||
| 650 | 0 |
_aRhythm and blues music _9115218 |
|
| 650 | 0 |
_aRock music _984210 |
|
| 777 |
_gOctober 2018 _tMojo. |
||
| 942 |
_cMU _2lcc |
||